[Event "Elekes mem"]
[Site "Budapest"]
[Date "1996.??.??"]
[Round "1"]
[White "Gabriel, Christian"]
[Black "Palkovi, Jozsef"]
[Result "1-0"]
[WhiteElo "2510"]
[BlackElo "2480"]

1.Nf3 c5 2.c4 Nf6 3.g3 b6 4.Bg2 Bb7 5.O-O g6 6.Nc3 Bg7 7.Re1 d5 8.d4 dxc4
9.Qa4+ Nbd7 10.dxc5 Qc8 11.cxb6 axb6 12.Qb4 O-O 13.Be3 Nd5 14.Nxd5 Bxd5 15.Red1 e6
16.Bd4 Bxd4 17.Nxd4 Bxg2 18.Kxg2 Ra5 19.Kg1 Nf6 20.Qxb6 Qa8 21.Nc6 Ra6 22.Qd4 Qxc6
23.Qxf6 Qe4 24.e3 Qa8 25.a3 Qb8 26.Rac1 Rb6 27.Rxc4 Rxb2 28.Rcd4 Rb1 29.Rxb1 Qxb1+
30.Kg2 Qb7+ 31.Qf3 Qa6 32.a4 e5 33.Rb4 Qa5 34.Qe4 Re8 35.Rb5 Qa6 36.Rc5 Qa7
37.Qc4 Re7 38.a5 Kg7 39.Qb5 f6 40.a6 Qa8+ 41.Qc6 Qd8 42.Rb5 f5 43.Rb7 Kh6
44.Rxe7 Qxe7 45.Qb7  1-0

[Event "Budapest FS04 GM"]
[Site "Budapest"]
[Date "1996.??.??"]
[Round "3"]
[White "Kolbus, Dietmar"]
[Black "Vadasz, Laszlo"]
[Result "1-0"]
[WhiteElo "2325"]
[BlackElo "2375"]

1.c4 Nf6 2.Nf3 c5 3.g3 b6 4.Bg2 Bb7 5.O-O g6 6.Nc3 Bg7 7.d4 cxd4 8.Qxd4 d6
9.Rd1 Nbd7 10.Be3 O-O 11.Qh4 Rc8 12.Rac1 a6 13.b3 Rc7 14.Bh6 Qa8 15.Bxg7 Kxg7
16.Qd4 Rfc8 17.Qe3 Re8 18.Bh3 b5 19.cxb5 Bxf3 20.exf3 axb5 21.Nxb5 Rxc1 22.Rxc1 Nd5
23.Qd4+ N7f6 24.a4 h5 25.f4 e5 26.fxe5 dxe5 27.Qa7 Qxa7 28.Nxa7 e4 29.Re1 Nb4
30.Nb5 Rd8 31.Nc3 Nd3 32.Re3 Rd6 33.Nxe4 Nxe4 34.Rxe4 Nc5 35.Re3 Rb6 36.Bf1 Nxb3
37.Rc3 Rb4 38.Kg2 Nd2 39.Ra3 h4 40.Bd3 Nb3 41.a5  1-0

[Event "Ceske Budejovice op"]
[Site "Ceske Budejovice"]
[Date "1996.??.??"]
[Round "2"]
[White "Lingnau, Carsten"]
[Black "Bellin, Jana"]
[Result "1-0"]
[WhiteElo "2380"]
[BlackElo "2215"]

1.Nf3 Nf6 2.c4 b6 3.g3 Bb7 4.Bg2 c5 5.O-O g6 6.Nc3 Bg7 7.d4 cxd4 8.Qxd4 Nc6
9.Qf4 Rc8 10.Rb1 Na5 11.b3 Nh5 12.Qd2 O-O 13.Bb2 Nf6 14.Rfd1 d6 15.Rbc1 Qd7
16.Qd3 Rfd8 17.Ba1 Nc6 18.e4 e6 19.Qe2 Qe7 20.Bb2 Bh6 21.Rb1 a6 22.Re1 Bg7
23.Rbd1 Qc7 24.h3 Ba8 25.Nh2 Qb8 26.Nf1 Ne8 27.Ne3 b5 28.Qd2 bxc4 29.Nxc4 Nb4
30.Na4 Bxb2 31.Qxb2 d5 32.exd5 Bxd5 33.Nab6 Rc6 34.Nxd5 Nxd5 35.Ne5 Rcd6
36.Ng4 Ne7 37.Nh6+  1-0

[Event "CZE-chT2c 9596"]
[Site "CZE"]
[Date "1996.??.??"]
[Round "4"]
[White "Cech, Tomas"]
[Black "Jurka, Miroslav"]
[Result "0-1"]
[WhiteElo "2180"]
[BlackElo "2335"]

1.Nf3 c5 2.g3 b6 3.Bg2 Bb7 4.O-O Nf6 5.c4 g6 6.Nc3 Bg7 7.d3 O-O 8.a3 d5 9.cxd5 Nxd5
10.Bd2 Nc6 11.Rc1 Rc8 12.Qa4 a5 13.Qh4 e6 14.Bg5 f6 15.Bh6 Nde7 16.Bxg7 Kxg7
17.Rfd1 e5 18.e3 Nf5 19.Qa4 Rf7 20.Nb5 Rd7 21.Qb3 Nce7 22.Ne1 Bxg2 23.Nxg2 Nc6
24.Qc4 h5 25.Rc3 Qe7 26.Qe4 Nd6 27.Nxd6 Qxd6 28.Rdc1 Rcd8 29.Qc4 Ne7 30.Ne1 Nd5
31.R3c2 Qe7 32.Qb5 Qe6 33.Rc4 Nc7 34.Qb3 b5 35.R4c3 Qxb3 36.Rxb3 a4 37.Rbc3 Ne6
38.b4 cxb4 39.axb4 Kf7 40.Kf1 Ke7 41.Ke2 g5 42.h3 Rb8 43.f3 f5 44.Nc2 f4
45.gxf4 gxf4 46.Rg1 Kf6 47.Rc6 Rbd8 48.exf4 Rxd3 49.fxe5+ Kxe5 50.Re1 Kf6
51.Kf2 R8d6 52.Rxd6 Rxd6 53.Ke3 Rc6 54.Kd2 Rc4 55.Ne3 Rd4+ 56.Kc3 Rd8 57.Rf1 Nf4
58.Kc2 Rd4 59.h4 Rxb4 60.Rd1 a3 61.Rd6+ Ke5 62.Ra6 Rb2+ 63.Kc3 Ne2+ 64.Kd3 Nc1+
65.Kc3 Na2+  0-1

[Event "FIN-chT 9697"]
[Site "FIN"]
[Date "1996.??.??"]
[Round "2.5"]
[White "Seppanen, Asko"]
[Black "Haapasalo, Jukka Pekka"]
[Result "1/2-1/2"]
[WhiteElo "2290"]
[BlackElo "2240"]

1.c4 c5 2.Nf3 Nf6 3.g3 b6 4.Bg2 Bb7 5.O-O g6 6.Nc3 Bg7 7.Re1 d6 8.e4 e5 9.a3 Nc6
10.Rb1 O-O 11.d3 Ne8 12.b4 Nc7 13.Nd5 Ne6  1/2-1/2

[Event "Troll Masters"]
[Site "Gausdal"]
[Date "1996.??.??"]
[Round "9"]
[White "Tisdall, Jonathan D"]
[Black "Bellin, Jana"]
[Result "1-0"]
[WhiteElo "2510"]
[BlackElo "2195"]

1.Nf3 Nf6 2.c4 b6 3.g3 c5 4.Bg2 Bb7 5.O-O g6 6.b3 Bg7 7.Bb2 O-O 8.d4 cxd4
9.Qxd4 d6 10.Rd1 Nh5 11.Qd2 Bxb2 12.Qxb2 Nd7 13.Nc3 Ndf6 14.Rac1 Qb8 15.Qd2 Ng7
16.Nd5 Nxd5 17.cxd5 Rc8 18.Bh3 Rxc1 19.Rxc1 Qd8 20.Rc4 Ne8 21.e4 Nf6 22.Qc2 Ba6
23.Rc3 Bb5 24.Nd4 Bd7 25.Bg2 a5 26.a3 h5 27.h3 Rc8 28.Nc6 Bxc6 29.dxc6 Ne8
30.Qd3 Nc7 31.h4 b5 32.Rc1 b4 33.axb4 axb4 34.Qc4 Ne6 35.Qxb4 Nc5 36.Qc4 Rxc6
37.b4 Qc8 38.Qb5  1-0

[Event "BL2-N9697"]
[Site "Germany"]
[Date "1996.??.??"]
[Round "?.5"]
[White "Geisler, Robert"]
[Black "Pachow, Joerg"]
[Result "1/2-1/2"]
[WhiteElo "2240"]
[BlackElo "2330"]

1.Nf3 Nf6 2.g3 b6 3.Bg2 Bb7 4.O-O g6 5.c4 c5 6.Nc3 Bg7 7.d4 cxd4 8.Nxd4 Bxg2
9.Kxg2 O-O 10.e4 Qc7 11.b3 Nxe4 12.Nxe4 Qe5 13.Qf3 Qxd4 14.Ba3 f5 15.Nf6+ Bxf6
16.Qxa8 Nc6 17.Qb7 Rb8 18.Qa6 Qd3 19.Rae1 f4 20.Qb5 e6 21.Bc1 Nd4 22.Qxd7 Rd8
23.Qb7 f3+ 24.Kh1 Nc2 25.Qe4 Nxe1 26.Qxe6+ Kg7 27.Rxe1 Rd7 28.Ba3 Qf5 29.Qxf5 gxf5
30.Bc1 Bc3 31.Rf1 Kg6 32.h3 h5 33.Bf4 Bb4 34.Kg1 Rd3 35.Rc1 a5 36.Be3 Bc5
37.Re1 h4 38.gxh4 a4 39.Bxc5 bxc5 40.Re3 Rd1+ 41.Kh2 Rd2 42.Kg3 a3 43.Re6+ Kg7
44.Rc6 Rxa2 45.Rxc5 f4+ 46.Kxf3 Rb2 47.Ra5 Rxb3+ 48.Kg4 Rc3 49.f3 Kg6 50.c5 Kh6
51.Ra6+ Kh7 52.Kxf4 Rxc5 53.Rxa3 Rc4+ 54.Kg3 Kh6 55.f4 Kh5 56.Ra5+ Kg6 57.Kg4 Rb4
58.h5+ Kh6 59.Ra6+ Kh7 60.Kg5 Rb3 61.Ra7+ Kg8 62.h4 Rg3+ 63.Kf5 Rh3 64.Kg4 Rh1
65.f5 Rg1+ 66.Kf4 Rf1+ 67.Kg5 Rg1+ 68.Kf6 Rb1 69.h6 Rb6+ 70.Kg5 Rb1 71.f6 Rg1+
72.Kf5 Rf1+ 73.Ke5 Re1+ 74.Kd4 Rd1+ 75.Ke3 Rf1 76.Rg7+ Kh8 77.f7 Rf3+ 78.Ke4 Rf4+
79.Ke5 Rf5+ 80.Ke6 Rf6+ 81.Ke7 Re6+ 82.Kf8 Re8+  1/2-1/2

[Event "BL2-O9596"]
[Site "Germany"]
[Date "1996.??.??"]
[Round "?"]
[White "Konopka, Michal"]
[Black "Kyas, Juergen"]
[Result "1/2-1/2"]
[WhiteElo "2405"]
[BlackElo "2255"]

1.Nf3 c5 2.c4 Nf6 3.g3 b6 4.Bg2 Bb7 5.O-O g6 6.Nc3 Bg7 7.Re1 d5 8.cxd5 Nxd5
9.Qb3 O-O 10.d3 e6 11.Bg5 Qd7 12.Rad1 Nc6 13.e4 Nxc3 14.bxc3 h6 15.Bc1 e5
16.Qa4 Rfd8 17.Qc2 Rac8 18.Bb2  1/2-1/2

[Event "HUN-chT1 9596"]
[Site "HUN"]
[Date "1996.??.??"]
[Round "10"]
[White "Korpics, Zsolt"]
[Black "Palkovi, Jozsef"]
[Result "1/2-1/2"]
[WhiteElo "2315"]
[BlackElo "2420"]

1.Nf3 Nf6 2.c4 c5 3.g3 b6 4.Bg2 Bb7 5.O-O g6 6.Nc3 Bg7 7.d4 cxd4 8.Nxd4 Bxg2
9.Kxg2 O-O 10.Nc2 Qc7 11.Na3 e6 12.Bf4 Qb7+ 13.Kg1 a6 14.Qb3 d5 15.cxd5 exd5
16.Be5 Nbd7 17.Bd4 Rac8 18.Rad1 Rfd8 19.Nc2 Nc5 20.Bxc5 Rxc5 21.e4 d4 22.Nxd4 Nxe4
23.Ne6 Rxd1 24.Rxd1 Rc8 25.Nxe4 Qxe4 26.Nxg7 Kxg7 27.Qxb6 Rc2 28.Qxa6  1/2-1/2

[Event "HUN-chT1 9697"]
[Site "Hungary"]
[Date "1996.??.??"]
[Round "2"]
[White "Vadasz, Laszlo"]
[Black "Palkovi, Jozsef"]
[Result "1/2-1/2"]
[WhiteElo "2375"]
[BlackElo "2480"]

1.Nf3 c5 2.c4 Nf6 3.g3 b6 4.Bg2 Bb7 5.O-O g6 6.Nc3 Bg7 7.d4 cxd4 8.Nxd4 Bxg2
9.Kxg2 O-O 10.e4 Qc7 11.b3 d6 12.Bg5 Qb7 13.f3 Nbd7 14.Qd2 a6 15.Rac1 Rfe8
16.Rfe1 e6 17.Nde2 b5 18.Qxd6  1/2-1/2

[Event "HUN-chT1 9697"]
[Site "Hungary"]
[Date "1996.??.??"]
[Round "3"]
[White "Szekely, Peter"]
[Black "Erdelyi, Tamas"]
[Result "1/2-1/2"]
[WhiteElo "2435"]
[BlackElo "2270"]

1.Nf3 c5 2.c4 Nf6 3.g3 b6 4.Bg2 Bb7 5.O-O g6 6.d4 cxd4 7.Qxd4 Bg7 8.Nc3 d6
9.Be3 Nbd7 10.Rac1 Rc8 11.b3 O-O 12.Qd2 Nc5 13.Bh6 Nfe4 14.Nxe4 Nxe4 15.Qe3 Bxh6
16.Qxh6 Nf6 17.Rfd1 Bxf3 18.exf3 Rc7 19.Qe3 Qc8 20.f4 Qf5 21.Bf3 h5  1/2-1/2

[Event "IND-ch"]
[Site "Kasaragod"]
[Date "1996.??.??"]
[Round "5"]
[White "Mishra, Neeraj Kumar"]
[Black "Shetty, Rahul"]
[Result "1-0"]
[WhiteElo "2390"]
[BlackElo "2390"]

1.Nf3 c5 2.g3 b6 3.Bg2 Bb7 4.O-O Nf6 5.c4 g6 6.d4 cxd4 7.Qxd4 Bg7 8.Nc3 O-O
9.Qh4 d6 10.Bh6 Nbd7 11.Rac1 Rc8 12.b3 Rc5 13.Bxg7 Kxg7 14.Qd4 Kg8 15.b4 Rc8
16.Nd5 Nxd5 17.cxd5 Ba6 18.Qd2 Nf6 19.Nd4 Bb7 20.Nc6 Bxc6 21.dxc6 b5 22.Qd4 Rc7
23.Rc3 Qb8 24.g4 Qb6 25.Qxb6 axb6 26.g5 Nh5 27.e3 Ng7 28.Rfc1 Ne6 29.Bf1 Ra8
30.a3 Nxg5 31.Bxb5 d5 32.a4 e6 33.Ra3 Ne4 34.Bd3 Nd6 35.a5 bxa5 36.Rxa5 Rxa5
37.bxa5 Nc4 38.Bxc4 Rxc6 39.a6 dxc4 40.Ra1 Rc8 41.Kf1 Kf8 42.Ke2 Ke7 43.Kd2 Kd6
44.Kc3 Kc5 45.a7 Ra8 46.Ra4 Kb6 47.Kxc4 Kb7 48.Kb5 f5 49.Ra6 e5 50.Rb6+ Kxa7
51.Ra6+ Kb7 52.Rxa8 Kxa8 53.Kc6 e4 54.Kd6 Kb7 55.Ke6 Kc6 56.Kf6 Kd5 57.Kg7 Ke6
58.Kxh7 Kf6 59.Kh6 g5 60.Kh5 g4 61.Kh6 Ke6 62.Kg6  1-0

[Event "JUG-ch sf"]
[Site "Kladovo"]
[Date "1996.??.??"]
[Round "?"]
[White "Petronic, Jovan"]
[Black "Marinkovic, Slavisa"]
[Result "1-0"]
[WhiteElo "2435"]
[BlackElo "2405"]

1.Nf3 Nf6 2.c4 b6 3.g3 c5 4.Bg2 Bb7 5.O-O g6 6.d3 Bg7 7.Nc3 O-O 8.Bg5 h6
9.Bd2 Nc6 10.a3 d5 11.cxd5 Nxd5 12.Qc1 Nxc3 13.Bxc3 Rc8 14.Bxg7 Kxg7 15.Qc3+ Kg8
16.e3 Qd6 17.Rfd1 Rfd8 18.Rac1 Qf6 19.Qxf6 exf6 20.Ne1 Rd7 21.Rc2 Ne7 22.Bxb7 Rxb7
23.Rdc1 Rd8 24.b4 cxb4 25.axb4 a5 26.bxa5 bxa5 27.Ra1 Ra7 28.Ra4 Rda8 29.d4 Nd5
30.Nd3 Nb6 31.Ra3 Kf8 32.Rc6 Nd5 33.Rd6 Nb4 34.Rxf6 Nxd3 35.Rxd3 a4 36.Ra3 Rb8
37.Kg2 Ra5 38.Rc6 Rb2 39.g4 h5 40.h3 hxg4 41.hxg4 Rb4 42.Kf3 Ke7 43.Rc7+ Kf6
44.Ke4 g5 45.Rc2 Ke6 46.Kd3 Kd6 47.Rc4 Rb2 48.Rcxa4 Rxa4 49.Rxa4 Rxf2 50.Ra5 f6
51.Rf5 Rg2 52.Rxf6+ Ke7 53.Ra6 Rxg4 54.Ke2 Kf7 55.Kf2 Rh4 56.Kf3 Rh3+ 57.Ke4 g4
58.Ra1 Kf6 59.Rd1 g3 60.Rg1 Kg5 61.Kf3 g2+ 62.Kf2 Kf5 63.Rxg2 Ke4 64.Rg4+ Kd3
65.d5 Rh2+ 66.Kf3 Rh3+ 67.Kf4 Rh5 68.Rg5  1-0

[Event "Koszalin op"]
[Site "Koszalin"]
[Date "1996.??.??"]
[Round "8"]
[White "Urban, Klaudiusz"]
[Black "Bashkov, Viacheslav"]
[Result "1/2-1/2"]
[WhiteElo "2440"]
[BlackElo "2420"]

1.Nf3 Nf6 2.g3 b6 3.Bg2 Bb7 4.O-O c5 5.c4 g6 6.Nc3 Bg7 7.d4 cxd4 8.Qxd4 d6
9.Rd1 Nbd7 10.Be3 Rc8 11.Rac1 h6 12.b3 O-O 13.Qd2 Ng4 14.Bd4 Ngf6 15.Nd5 Nxd5
16.cxd5 Rxc1 17.Rxc1 Nf6 18.Bxf6 Bxf6 19.Qxh6 Bxd5 20.Ng5 Bxg5 21.Qxg5 Bxg2
22.Kxg2 Qd7 23.Rc4 Kg7 24.Qc1 Qe6 25.Qc3+ f6 26.Qf3 Rc8 27.Rxc8 Qxc8  1/2-1/2

[Event "Wch U26"]
[Site "Leon"]
[Date "1996.??.??"]
[Round "8"]
[White "Dgebuadze, Alexandre"]
[Black "Klein, Volker"]
[Result "1-0"]
[WhiteElo "2425"]
[BlackElo "2270"]

1.Nf3 Nf6 2.c4 b6 3.g3 Bb7 4.Bg2 c5 5.O-O g6 6.d3 Bg7 7.e4 d6 8.Nc3 O-O 9.h3 Nc6
10.Be3 e5 11.Qd2 Ne8 12.Nh2 Nd4 13.f4 exf4 14.Bxf4 Nc7 15.Bh6 f5 16.Rae1 Qd7
17.Bxg7 Qxg7 18.exf5 Bxg2 19.Kxg2 Rxf5 20.Ng4 Rxf1 21.Rxf1 Rf8 22.Ne4 Nf5
23.Nc3 h5 24.Ne3 Qh6 25.Rf4 h4 26.Nxf5 Rxf5 27.Ne4 hxg3 28.Kxg3 Ne6 29.Rxf5 Qxd2
30.Nxd2 gxf5 31.Nb1 Kf7 32.Nc3 Kf6 33.h4 Ke5 34.h5 Nf4 35.h6 Ng6 36.Nd5 b5
37.a3 a5 38.h7 b4 39.Ne7 Nh8 40.Nc6+ Kf6 41.Nxa5 bxa3 42.bxa3 Ng6 43.Nb7 Kg7
44.a4 f4+ 45.Kh3 Ne5 46.a5 Nd7 47.a6 Kxh7 48.a7 Nb6 49.Nxd6 Kg6 50.Kg4 Kf6
51.Kxf4 Ke6 52.Ne4 Kd7 53.Nxc5+ Kc6 54.Na4 Na8 55.Nc3  1-0

[Event "Liechtenstein op"]
[Site "Liechtenstein"]
[Date "1996.??.??"]
[Round "4"]
[White "Thoma, Robert"]
[Black "Olafsson, Helgi"]
[Result "0-1"]
[WhiteElo "2270"]
[BlackElo "2485"]

1.Nf3 Nf6 2.c4 b6 3.g3 c5 4.Bg2 Bb7 5.O-O g6 6.b3 Bg7 7.Bb2 O-O 8.d3 e6 9.Nbd2 d5
10.e3 Qe7 11.Qc2 Nc6 12.a3 e5 13.Rfe1 Rfd8 14.Rad1 Rac8 15.Qb1 Qc7 16.Rc1 d4
17.exd4 cxd4 18.b4 Nd7 19.Re2 a5 20.Rce1 axb4 21.Ng5 Nc5 22.Bd5 Rd7 23.f4 bxa3
24.Bxa3 h6 25.Nxf7 Rxf7 26.Bxc5 bxc5 27.fxe5 Nxe5 28.Rxe5 Bxe5 29.Rxe5 Qxe5
30.Bxf7+  0-1

[Event "Liechtenstein op"]
[Site "Liechtenstein"]
[Date "1996.??.??"]
[Round "4"]
[White "Foisor, Cristina Adela B"]
[Black "Schmitz, Andreas"]
[Result "1-0"]
[WhiteElo "2370"]
[BlackElo "2140"]

1.c4 c5 2.Nf3 Nf6 3.g3 b6 4.Bg2 Bb7 5.O-O g6 6.Nc3 Bg7 7.d4 cxd4 8.Qxd4 Nc6
9.Qd2 Na5 10.Qd3 Rc8 11.b3 d5 12.Bb2 dxc4 13.Qxd8+ Rxd8 14.b4 Ne4 15.Rac1 Nc6
16.Nxe4 Bxb2 17.Rxc4 O-O 18.Ned2 b5 19.Rc2 Ba3 20.Rb1 Bxb4 21.Rxc6 Bxd2 22.Rc7 Bxf3
23.Bxf3 b4 24.Rxe7 a5 25.Ra7 Bc3 26.Rb3 Rd1+ 27.Kg2 Rd2 28.Rxa5 Rb2 29.Rxb2 Bxb2
30.Rb5 Bc3 31.Bd5 Rd8 32.e4 Rd7 33.f4 Kg7 34.Rc5 Ra7 35.g4 f6 36.h4 h6 37.Bc4 Re7
38.Kf3 Be1 39.h5 g5 40.e5 gxf4 41.e6 Bd2 42.Ke4 Kf8 43.Kd3 Bc3 44.Rb5 Ra7
45.Rb8+ Kg7 46.Rc8 f5 47.gxf5 Kf6 48.Ke4 Ra5 49.Rf8+ Kg5 50.Rg8+ Kxh5 51.Kxf4 Be5+
52.Ke4 Bf6 53.Rg6 Bg5 54.Rxg5+ Kxg5 55.e7 Ra8 56.Bf7 b3 57.axb3  1-0

[Event "Mondariz op"]
[Site "Mondariz"]
[Date "1996.??.??"]
[Round "?"]
[White "Antunes, Antonio"]
[Black "Sion Castro, Marcelino"]
[Result "1-0"]
[WhiteElo "2540"]
[BlackElo "2415"]

1.Nf3 Nf6 2.c4 c5 3.g3 b6 4.Bg2 Bb7 5.O-O g6 6.Nc3 Bg7 7.d4 cxd4 8.Qxd4 Nc6
9.Qf4 Rc8 10.Rb1 O-O 11.Rd1 Qe8 12.Qh4 Nd8 13.b3 Rc5 14.Qf4 Ne6 15.Qe3 Rh5
16.Bb2 Qa8 17.h3 Bh6 18.Qd3 Ng5 19.Nd5 Bxd5 20.cxd5 Nxh3+ 21.Bxh3 Rxh3 22.Kg2 Rh5
23.Bxf6 exf6 24.g4 Re5 25.Nxe5 fxe5 26.Qg3 Bf4 27.Qh4 f6 28.e3 Bg5 29.Qg3 Rc8
30.Rb2 Rc3 31.Qf3 Qc8 32.d6 Rc5 33.Rdd2 Kg7 34.Qe4 Qf8 35.Rbc2 f5 36.gxf5 gxf5
37.Qb7 Qf7 38.Rxc5 bxc5 39.Qf3 Qg6 40.Kf1 e4 41.Qg3 Qh5 42.Rd5 Kg6 43.Kg2 Qe2
44.Qh3  1-0

[Event "Mondariz op"]
[Site "Mondariz"]
[Date "1996.??.??"]
[Round "?"]
[White "Paunovic, Dragan"]
[Black "Roeder, Mathias"]
[Result "1/2-1/2"]
[WhiteElo "2495"]
[BlackElo "2435"]

1.Nf3 Nf6 2.c4 b6 3.g3 c5 4.Bg2 Bb7 5.O-O g6 6.b3 Bg7 7.Bb2 O-O 8.Nc3 Na6
9.e3 d5 10.Ne5 e6 11.d4 Qe7 12.cxd5 exd5 13.Rc1 Rfd8 14.Nb5 Nb4 15.a3 Nc6
16.Nxc6 Bxc6 17.Nc3 Rac8 18.dxc5 d4  1/2-1/2

[Event "JUG-chT"]
[Site "Niksic"]
[Date "1996.??.??"]
[Round "?"]
[White "Rajkovic, Dusan"]
[Black "Marinkovic, Ivan"]
[Result "1/2-1/2"]
[WhiteElo "2485"]
[BlackElo "2490"]

1.c4 c5 2.Nf3 Nf6 3.g3 b6 4.Bg2 Bb7 5.O-O g6 6.Nc3 Bg7 7.d4 cxd4 8.Qxd4 d6
9.Be3 Nbd7 10.Rac1 Nc5 11.Rfd1 Qd7 12.Nd5 Ne6 13.Nxf6+ Bxf6 14.Qd2 O-O 15.b3 Rfd8
16.Bh3 Qc6 17.Qb4 Nc5 18.Bg2 Rac8 19.Bd4 Nd7 20.Qd2 Bxd4 21.Qxd4 Nf6 22.Qe3 Rc7
23.Rd4 Qe8 24.Rcd1 Rc5 25.Ne1 Bxg2 26.Kxg2 Rcc8 27.Kg1 a6 28.Nd3 d5 29.Ne5 dxc4
30.Nxc4 b5 31.Rxd8 Rxd8 32.Rxd8 Qxd8 33.Nb2 Qd6 34.Nd3 Nd7 35.Qe4 Kg7 36.Qb7 h5
37.h4 Ne5 38.Nxe5 Qxe5 39.Qxa6 Qxe2 40.a4 Qe1+ 41.Kg2 Qe4+ 42.Kg1 Qe1+  1/2-1/2

[Event "RUS-Cup3"]
[Site "Omsk"]
[Date "1996.??.??"]
[Round "1"]
[White "Zemerov, Vladimir"]
[Black "Dvoirys, Semen I"]
[Result "1/2-1/2"]
[WhiteElo "2400"]
[BlackElo "2570"]

1.Nf3 Nf6 2.c4 c5 3.g3 b6 4.Bg2 Bb7 5.O-O g6 6.b3 Bg7 7.Bb2 O-O 8.Nc3 Na6
9.d3 d5 10.Nxd5 Nxd5 11.Bxg7 Kxg7 12.cxd5 Qxd5 13.Nh4 Qd7 14.Bxb7 Qxb7 15.Qc1 f6
16.Qb2 e5 17.a3 Nc7 18.b4 Ne6 19.bxc5 Nxc5 20.Rac1 Rac8 21.Rc4 Ne6 22.Rfc1 Rxc4
23.Rxc4 Rc8 24.Rxc8 Qxc8 25.Nf3 Qc5 26.Qb3 Qc1+ 27.Kg2 Qc6 28.Kg1 a5 29.Qb2 g5
30.h3 h5 31.h4 g4 32.Ne1 Nd4 33.e3 Qc1 34.Qxc1 Ne2+ 35.Kg2 Nxc1 36.f3 b5
37.fxg4 hxg4 38.d4 b4 39.axb4 axb4 40.Nc2 b3 41.Na3 b2 42.Nb1 Nb3 43.d5 Nc5
44.d6 Kf7 45.h5 Kg7 46.Kf1 Kh6 47.Ke1 Kxh5 48.Kd1 Kg6 49.Kc2 Kf7 50.Nd2 Ke6
51.Kxb2 Kxd6 52.e4 Nd3+ 53.Kc3 Nf2 54.Kc4 Kc6 55.Kb4 Kd6 56.Kc4 Ke6 57.Kc5 Kf7
58.Kd5 Kg6 59.Nf1 Kg5 60.Ne3 Nd3 61.Nf5 Nf4+ 62.Kc4 Nh5 63.Kd5 Nf4+ 64.Kc4 Nh3
65.Kd3 Ng1 66.Ke3 Nf3 67.Kd3 Kh5 68.Ng7+ Kg6 69.Nf5 Ng5 70.Ne3 Kh5 71.Nf5 Nf7
72.Kc4 Kg5 73.Kd5 Kg6 74.Ne3 Nh6 75.Ke6 Kg5 76.Ke7 f5 77.Ke6 f4 78.Nf1 f3
79.Ne3 Kg6 80.Kxe5 Kg5 81.Kd4  1/2-1/2

[Event "SVK-chT9596"]
[Site "?"]
[Date "1996.??.??"]
[Round "7"]
[White "Jurica, Peter"]
[Black "Minich, Peter"]
[Result "0-1"]
[WhiteElo "2210"]
[BlackElo "2230"]

1.Nf3 c5 2.g3 b6 3.Bg2 Bb7 4.O-O Nf6 5.c4 g6 6.Nc3 Bg7 7.d4 cxd4 8.Nb5 O-O
9.Nbxd4 Nc6 10.Ne5 Qc8 11.Ndxc6 dxc6 12.Qa4 c5 13.Nc6 Qe8 14.Qb5 e5 15.f4 exf4
16.Bxf4 Ne4 17.Nxa7 Rxa7 18.Qxb6 Qa8 19.Rad1 Nxg3 20.hxg3 Bxg2 21.Rf2 Bh3
22.Qxc5 Rxa2 23.b4 Ra1 24.Rxa1 Qxa1+ 25.Kh2 Bd4  0-1

[Event "SVK-chT9596"]
[Site "?"]
[Date "1996.??.??"]
[Round "10"]
[White "Konopka, Michal"]
[Black "Stohl, Igor"]
[Result "1/2-1/2"]
[WhiteElo "2405"]
[BlackElo "2515"]

1.Nf3 Nf6 2.c4 b6 3.g3 c5 4.Bg2 Bb7 5.O-O g6 6.Nc3 Bg7 7.Re1 Ne4 8.Nxe4 Bxe4
9.d4 cxd4 10.Bh6 Bxh6 11.Qxd4 O-O 12.Qxe4 Nc6 13.Rad1 Rc8 14.b3 Bg7 15.e3  1/2-1/2

[Event "SVK-chT9596"]
[Site "?"]
[Date "1996.??.??"]
[Round "11"]
[White "Krivoshey, Sergei"]
[Black "Lipka, Juraj"]
[Result "1-0"]
[WhiteElo "2430"]
[BlackElo "2345"]

1.Nf3 Nf6 2.c4 b6 3.g3 Bb7 4.Bg2 c5 5.O-O g6 6.Nc3 Bg7 7.Re1 Ne4 8.Qc2 Nxc3
9.bxc3 Nc6 10.e4 d6 11.Nh4 e5 12.Bh3 O-O 13.d3 Bc8 14.Bxc8 Qxc8 15.Qe2 Qh3
16.Bd2 Rac8 17.f3 f5 18.Qg2 Qxg2+ 19.Nxg2 fxe4 20.fxe4 Rf3 21.Re3 Rcf8 22.Rxf3 Rxf3
23.Ne1 Rf7 24.Kg2 Kf8 25.Nf3 Bf6 26.g4 Nd8 27.g5 Bg7 28.a4 Ne6 29.h4 Ke8
30.Rh1 Kd8 31.h5 Kc7 32.Nh4 Nf8 33.h6 Bh8 34.Nf3 Ne6 35.Rb1 Rf8 36.Be3 Kb7
37.Nd2 Ra8 38.Nf3 Re8 39.a5 Nf4+ 40.Bxf4 exf4 41.Rb3 Kc7 42.axb6+ axb6 43.Ra3 Kb7
44.Ng1 d5 45.cxd5 c4 46.d4 Rxe4 47.d6 Re6 48.Ra4 Rxd6 49.Rxc4 Rd5 50.Nf3 b5
51.Rb4 Kc6 52.Kh3 Kd6 53.Kg4 Rf5 54.Rb1 Kd7 55.Ra1 Rf8 56.Ra7+ Kd6 57.Rxh7 Rc8
58.Kxf4 Kd5 59.Nh4  1-0

[Event "Terrassa op"]
[Site "Terrassa"]
[Date "1996.??.??"]
[Round "5"]
[White "Nogueiras, Jesus"]
[Black "Gomez Esteban, Juan Mario"]
[Result "1-0"]
[WhiteElo "2535"]
[BlackElo "2495"]

1.Nf3 Nf6 2.c4 b6 3.g3 c5 4.Bg2 Bb7 5.O-O g6 6.d4 cxd4 7.Qxd4 Bg7 8.Nc3 d6
9.Be3 Nbd7 10.Rac1 Rc8 11.b3 O-O 12.Qd2 Nc5 13.Rfd1 Nce4 14.Nxe4 Bxe4 15.Bh3 Rc7
16.Nd4 Ba8 17.Nb5 Rb7 18.Nc3 Qb8 19.a4 Rd8 20.Bg5 Re8 21.Bg2 Rd7 22.e4 e6
23.Qf4 Nh5 24.Qh4 h6 25.Be3 Qd8 26.Qxd8 Rexd8 27.h3 Nf6 28.Rd3 Ne8 29.Rcd1 Kf8
30.Nb5 Ke7 31.f4 f5 32.exf5 gxf5 33.Bxa8 Rxa8 34.c5 bxc5 35.Bxc5 Rc8 36.Bxa7 Rc2
37.Bf2 Nf6 38.Bd4 d5 39.Re3 Bf8 40.Bxf6+ Kxf6 41.Nd4 Rb2 42.Rxe6+ Kf7 43.Re2 Rxe2
44.Nxe2 d4 45.Rd3 Ke6 46.Kg2 Bg7 47.g4 Kd5 48.Kf3 fxg4+ 49.hxg4 Rc7 50.f5 Be5
51.Nf4+ Bxf4 52.Kxf4 Rc6 53.Rf3 Ra6  1-0

[Event "Velden op"]
[Site "Velden"]
[Date "1996.??.??"]
[Round "8"]
[White "Landa, Konstantin"]
[Black "Eingorn, Vereslav S"]
[Result "1/2-1/2"]
[WhiteElo "2570"]
[BlackElo "2585"]

1.Nf3 Nf6 2.g3 b6 3.Bg2 Bb7 4.O-O c5 5.c4 g6 6.b3 Bg7 7.Bb2 O-O 8.d4 cxd4
9.Qxd4 d6 10.Rd1 Nbd7 11.Nc3 Ne4 12.Qe3 Rc8 13.Rac1 Nxc3 14.Bxc3 Nf6 15.h3 Rc7
16.Nh2 Bxg2 17.Kxg2 Qc8 18.Qf3 Qb7 19.Qxb7 Rxb7 20.Ng4  1/2-1/2

[Event "Vendrell op"]
[Site "Vendrell"]
[Date "1996.??.??"]
[Round "9"]
[White "Komarov, Dimitri"]
[Black "Roeder, Mathias"]
[Result "1-0"]
[WhiteElo "2530"]
[BlackElo "2445"]

1.Nf3 Nf6 2.c4 b6 3.g3 c5 4.Bg2 Bb7 5.O-O g6 6.d4 cxd4 7.Qxd4 Bg7 8.Nc3 Nc6
9.Qf4 Na5 10.b3 O-O 11.Bb2 Ne4 12.Rac1 Rc8 13.Rfd1 d6 14.Ba1 Nxc3 15.Bxc3 Bxc3
16.Rxc3 b5 17.Qh6 Bxf3 18.Rxf3 Rc5 19.g4 f5 20.b4 Re5 21.bxa5 bxc4 22.gxf5 Rfxf5
23.Rxf5 Rxf5 24.Bd5+ Kh8 25.Qd2 Qf8 26.Qd4+ e5 27.Qxc4  1-0

[Event "Carl Schlechter mem"]
[Site "Vienna"]
[Date "1996.??.??"]
[Round "6"]
[White "Stuhlik, Marko"]
[Black "Todor, Razvan"]
[Result "1-0"]
[WhiteElo "2215"]
[BlackElo "2120"]

1.Nf3 c5 2.g3 b6 3.Bg2 Bb7 4.c4 Nf6 5.O-O g6 6.Nc3 Bg7 7.d3 O-O 8.e4 d6 9.a3 Nc6
10.Rb1 Nd7 11.Ne2 a5 12.Bd2 Nde5 13.Ne1 Nd7 14.Nc2 Rb8 15.Bc3 e5 16.b4 axb4
17.axb4 Nd4 18.Nexd4 cxd4 19.Bd2 f5 20.f3 Bc6 21.b5 Bb7 22.Nb4 Nc5 23.Ra1 Ra8
24.Qb1 Rxa1 25.Qxa1 Qc7 26.Qb2 Ra8 27.Ra1 Qb8 28.Bf1 fxe4 29.fxe4 Rxa1 30.Qxa1 Nb3
31.Qa2 Nxd2 32.Qxd2 Qf8 33.Qf2 Qc8 34.h4 Qc5 35.Qb2 Bh6 36.Bh3 Be3+ 37.Kh2 Qc7
38.Qe2 Qf7 39.Qf1 Qxf1 40.Bxf1 Kf7 41.Bh3 h5 42.Nc6 Ke8 43.Na7 Bh6 44.Kg2 Bf8
45.Bc8 Ba8 46.Be6 Bb7 47.Bc8 Ba8 48.Be6 Bb7 49.Bg8 Be7 50.Kf3 Bd8 51.Bd5 Bxd5
52.cxd5 Kd7 53.Nc6 Bf6 54.Nb4 Kc7 55.Nc2 Kd7 56.Na3 Kc7 57.Nc4 Bd8 58.Kg2 Kd7
59.g4 hxg4 60.Kg3 Kc7 61.Kxg4 Kd7 62.h5 gxh5+ 63.Kxh5 Ke7 64.Kg6 Bc7 65.Nd2 Bd8
66.Nf1 Ke8 67.Ng3 Kd7 68.Nf5 Bc7 69.Kf7 Bd8 70.Nh6 Bg5 71.Ng8 Bd2 72.Nf6+ Kd8
73.Ke6 Bb4 74.Ng4 Bc5 75.Nh6 Bb4 76.Nf7+ Kc7 77.Ke7 Bc5 78.Nh6 Bb4 79.Nf5 Bc5
80.Ng7 Bb4 81.Ne8+ Kc8 82.Ke6  1-0

[Event "JUG-chT"]
[Site "Vrnjacka Banja"]
[Date "1996.??.??"]
[Round "?"]
[White "Notaros, Krasoje"]
[Black "Marinkovic, Slavisa"]
[Result "0-1"]
[WhiteElo "2360"]
[BlackElo "2405"]

1.Nf3 Nf6 2.g3 b6 3.Bg2 Bb7 4.O-O c5 5.c4 g6 6.Nc3 Bg7 7.d4 cxd4 8.Qxd4 d6
9.Rd1 Nbd7 10.Bd2 Rc8 11.b3 O-O 12.Rac1 Ne4 13.Qe3 Nxd2 14.Nxd2 Bxg2 15.Kxg2 Re8
16.Nd5 e6 17.Nf4 Nf6 18.Qf3 Qe7 19.Ne4 Red8 20.Nc3 a6 21.Ne4 Ne8 22.h4 b5
23.cxb5 axb5 24.Qd3 Qb7 25.f3 d5 26.Ng5 Rxc1 27.Rxc1 e5 28.Nh5 h6 29.Nxg7 Kxg7
30.Nh3  0-1

[Event "Leon"]
[Site "Leon"]
[Date "1997.06.05"]
[Round "1"]
[White "Izeta Txabarri, Felix"]
[Black "Sion Castro, Marcelino"]
[Result "1/2-1/2"]
[WhiteElo "2490"]
[BlackElo "2440"]

1.Nf3 Nf6 2.c4 c5 3.g3 b6 4.Bg2 Bb7 5.O-O g6 6.Nc3 Bg7 7.a3 O-O 8.Rb1 d5
9.cxd5 Nxd5 10.Nxd5 Bxd5 11.d3 Nc6 12.Qa4 Nd4 13.Nxd4 cxd4 14.Bf4 Bxg2 15.Kxg2 Qd5+
16.f3 Qe6 17.Kf2 Qh3 18.Kg1 Qe6 19.Kf2 Qh3 20.Kg1 Qe6 21.Qc4 Qd7 22.Rfc1 Rac8
23.Qb3 h5 24.Rxc8 Rxc8 25.Rc1 Rxc1+ 26.Bxc1 Qc7 27.Qc4 Qe5 28.Kf2 Qf5 29.Qc6 Kh7
30.Kg2 Qe5 31.Qe4 Qc5 32.Qf4 Qc2 33.Qd2 Qb3 34.h3 a5 35.g4 hxg4 36.hxg4 a4
37.Kf2 b5 38.Qf4 Qc2 39.Qh2+ Kg8 40.Qb8+ Kh7  1/2-1/2

[Event "Politiken Cup"]
[Site "Copenhagen"]
[Date "1997.07.15"]
[Round "10"]
[White "Sorensen, Torben"]
[Black "Jakobsen, Ole"]
[Result "1/2-1/2"]
[WhiteElo "2300"]
[BlackElo "2370"]

1.Nf3 Nf6 2.g3 b6 3.Bg2 Bb7 4.O-O c5 5.c4 g6 6.b3 Bg7 7.Bb2 O-O 8.Nc3 d6
9.Rc1 Qd7 10.e3 Na6 11.Qe2 e5 12.d3 Rfe8 13.a3 Rad8 14.Rcd1 d5 15.e4 d4 16.Nd5 Nc7
17.Nd2 Nfxd5 18.cxd5 Bh6 19.Nc4 Nb5 20.Qc2 Nd6 21.f4 exf4 22.gxf4 f6 23.Bc1 Nf7  1/2-1/2